Comp TIA A+ certification study guide (exams 220-701 & 220-702) / (Record no. 49959)
[ view plain ]
| 000 -LEADER | |
|---|---|
| fixed length control field | 01175nam a22003137a 4500 |
| 005 - DATE AND TIME OF LATEST TRANSACTION | |
| control field | 20110119145311.0 |
| 008 - FIXED-LENGTH DATA ELEMENTS--GENERAL INFORMATION | |
| fixed length control field | 110119t xxu||||| |||| 00| 0 eng d |
| 010 ## - LCCN (DPL NO) | |
| LC control number | ENG-101912 |
| 020 ## - INTERNATIONAL STANDARD BOOK NUMBER | |
| International Standard Book Number | 9780071070584 |
| Terms of availability | 795.00 |
| 020 ## - INTERNATIONAL STANDARD BOOK NUMBER | |
| International Standard Book Number | 0071070583 |
| Terms of availability | 795.00 |
| 035 ## - SYSTEM CONTROL NUMBER | |
| System control number | EN-85445 |
| 037 ## - SOURCE OF ACQUISITION | |
| Source of stock number/acquisition | DBAD / PUB |
| 040 ## - CATALOGING SOURCE | |
| Original cataloging agency | dpl |
| Language of cataloging | Eng |
| 082 ## - DEWEY DECIMAL CLASSIFICATION NUMBER | |
| Classification number | 004 |
| 100 ## - MAIN ENTRY--PERSONAL NAME | |
| Personal name | Holcombe, Jane |
| 9 (RLIN) | 25381 |
| 245 ## - TITLE STATEMENT | |
| Title | Comp TIA A+ certification study guide (exams 220-701 & 220-702) / |
| Statement of responsibility, etc | by Jane Holcombe [and] charles Holcombe |
| 250 ## - EDITION STATEMENT | |
| Edition statement | 7th ed |
| 260 ## - PUBLICATION, DISTRIBUTION, ETC. (IMPRINT) | |
| Place of publication, distribution, etc | New Delhi |
| Name of publisher, distributor, etc | Tata McGraw-Hill |
| Date of publication, distribution, etc | 2010 |
| 270 ## - ADDRESS | |
| Address | 7 West Patel Nagar |
| City | New Delhi |
| Postal code | 110008 |
| 300 ## - PHYSICAL DESCRIPTION | |
| Extent | xIiii,931p. : |
| Other physical details | ill. |
| Dimensions | 24 cm (pbk) |
| 500 ## - GENERAL NOTE | |
| General note | Includes index |
| 650 ## - SUBJECT ADDED ENTRY--TOPICAL TERM | |
| 9 (RLIN) | 25383 |
| Topical term or geographic name as entry element | Electronic data processing personnel |
| General subdivision | Certification. |
| 650 ## - SUBJECT ADDED ENTRY--TOPICAL TERM | |
| Topical term or geographic name as entry element | Computers |
| General subdivision | Examinations |
| -- | Study guides. |
| 9 (RLIN) | 25391 |
| 650 ## - SUBJECT ADDED ENTRY--TOPICAL TERM | |
| Topical term or geographic name as entry element | Computing Technology Industry Association |
| General subdivision | Examinations |
| -- | Study guides. |
| 9 (RLIN) | 25392 |
| 700 ## - ADDED ENTRY--PERSONAL NAME | |
| Personal name | Holcombe,Charles |
| 9 (RLIN) | 25388 |
| 700 ## - ADDED ENTRY--PERSONAL NAME | |
| 9 (RLIN) | 25389 |
| 942 ## - ADDED ENTRY ELEMENTS (KOHA) | |
| Institution code [OBSOLETE] | dpl |
| Item type | English Books |
| Source of classification or shelving scheme | Dewey Decimal Classification |
| Classification part | 004 |
| Call number suffix | HOL |
| Withdrawn status | Lost status | Source of classification or shelving scheme | Damaged status | Not for loan | Collection code | Home library | Current library | Date acquired | Source of acquisition | Cost, normal purchase price | Total Checkouts | Full call number | Barcode | Date last seen | Copy number | Cost, replacement price | Koha item type |
|---|---|---|---|---|---|---|---|---|---|---|---|---|---|---|---|---|---|
| Dewey Decimal Classification | Not For Loan | Non-fiction | D.B.Act.Division | D.B.Act.Division | 19/01/2011 | DBAD/PUB | 795.00 | 004 HOL | EN-85445 | 19/01/2011 | 1 | 795.00 | English Books |
